000 00349nam a2200145Ia 4500
008 230917s9999||||xx |||||||||||||| ||und||
040 _e61099
_aMAIN
041 _aEnglish
082 _a823.7 D555C:D
100 _aCollins, Philipl
245 0 _aDickens and education
260 _aLondon
_bMacmillan
_c1965
300 _aix, 258 p.
942 _cBK
999 _c130996
_d130996